000 00771nam a22002297a 4500
003 BUBTL
008 230718b ||||| |||| 00| 0 eng d
020 _a978149724821
082 _a658.4012/ B984s/ 2016
100 _95362
_aButuner, Hakan
245 _aSystematic strategic planning :
_ba comprehensive framework for implementation, control, and evaluation /
_c Hakan Butuner
250 _a1st ed.
260 _aBoca Raton ; London ; New York :
_bCRC Press,
_cc2016.
300 _axv, 214 p. :
_bill. ;
_c23 cm.
500 _aIncludes References
505 _aSystematic strategic planning, Hakan Butuner, Management
526 _aManagement
650 0 _939
_aManagement
856 _k0
_l0
_yDownload
942 _2ddc
_cBK
999 _c7060
_d7060